UBT Library

2013 Delmar nurse's drug handbook / (Record no. 42822)

000 -LEADER
fixed length control field 00651nam a22002535a 4500
001 - CONTROL NUMBER
control field 17261166
005 - DATE AND TIME OF LATEST TRANSACTION
control field 20180216075947.0
008 - FIXED-LENGTH DATA ELEMENTS--GENERAL INFORMATION
fixed length control field 120418s2012 nyu 000 0 eng
010 ## - LIBRARY OF CONGRESS CONTROL NUMBER
LC control number 2012937927
020 ## - INTERNATIONAL STANDARD BOOK NUMBER
International Standard Book Number 9781133280286
020 ## - INTERNATIONAL STANDARD BOOK NUMBER
International Standard Book Number 9781133280309
040 ## - CATALOGING SOURCE
Original cataloging agency DLC
Transcribing agency DLC
041 ## - LANGUAGE CODE
Language code of text/sound track or separate title eng
042 ## - AUTHENTICATION CODE
Authentication code pcc
080 ## - UNIVERSAL DECIMAL CLASSIFICATION NUMBER
Universal Decimal Classification number 610.73 SPR
082 ## - DEWEY DECIMAL CLASSIFICATION NUMBER
Classification number 610.73 SPR
100 1# - Rafti
Rafti 2
101 ## - Shkurtesa
Shkurtesa INF
245 10 - TITLE STATEMENT
Title 2013 Delmar nurse's drug handbook /
Statement of responsibility, etc George R. Spratto, PHD, Adrienne L. Woods, MSN, FNP-BC.
263 ## - PROJECTED PUBLICATION DATE
Projected publication date 1206
906 ## - LOCAL DATA ELEMENT F, LDF (RLIN)
a 0
b ibc
c orignew
d 2
e epcn
f 20
g y-gencatlg
942 ## - ADDED ENTRY ELEMENTS (KOHA)
Source of classification or shelving scheme
Item type Books
Holdings
Withdrawn status Lost status Source of classification or shelving scheme Damaged status Not for loan Collection code Permanent location Current location Shelving location Date acquired Total Checkouts Full call number Barcode Date last seen Price effective from Koha item type
          Koleksioni i përgjithshem UBT - Lipjan UBT - Lipjan Koleksioni i përgjithshem 02/16/2018   610.73 SPR 002-2998787 02/16/2018 02/16/2018 Books
UBT Library © 2015-2024. All rights reserved University Education for Business and Technology